| 000 | 01380nam a2200385 4500 | ||
|---|---|---|---|
| 020 | _a0132019213 | ||
| 082 | 0 | 0 |
_a624.1821 _bLOT _cD |
| 100 | 1 |
_aLothers, John E. _926896 |
|
| 110 |
_a _943307 |
||
| 245 | 1 | 0 |
_aDesign in structural steel _c[by] John E. Lothers. |
| 250 | _a3d ed. | ||
| 260 |
_aEnglewood Cliffs, N.J., _bPrentice-Hall _c[1972] |
||
| 300 |
_axiii, 561 p. _billus. _c24 cm. |
||
| 490 | 0 | _aCivil engineering and engineering mechanics series | |
| 526 |
_a0 _b0 _c0 _d624_182100000000000_LOT |
||
| 526 |
_a0 _b0 _c0 _d624_182100000000000_LOT |
||
| 526 |
_a0 _b0 _c0 _d624_182100000000000_LOT |
||
| 526 |
_a0 _b0 _c0 _d624_182100000000000_LOT |
||
| 526 |
_a0 _b0 _c0 _d624_182100000000000_LOT |
||
| 526 |
_a0 _b0 _c0 _d624_182100000000000_LOT |
||
| 526 |
_a0 _b0 _c0 _d624_182100000000000_LOT |
||
| 526 |
_a0 _b0 _c0 _d624_182100000000000_LOT |
||
| 526 |
_a0 _b0 _c0 _d624_182100000000000_LOT |
||
| 526 |
_a0 _b0 _c0 _d624_182100000000000_LOT |
||
| 526 |
_a0 _b0 _c0 _d624_182100000000000_LOT |
||
| 526 |
_a0 _b0 _c0 _d624_182100000000000_LOT |
||
| 526 |
_a0 _b0 _c0 _d624_182100000000000_LOT |
||
| 526 |
_a0 _b0 _c0 _d624_182100000000000_LOT |
||
| 526 |
_a0 _b0 _c0 _d624_182100000000000_LOT |
||
| 526 |
_a0 _b0 _c0 _d624_182100000000000_LOT |
||
| 526 |
_a0 _b0 _c0 _d624_182100000000000_LOT |
||
| 650 | 0 | _aBuilding, Iron and steel. | |
| 650 | 0 | _aSteel, Structural. | |
| 942 |
_2ddc _cBK |
||
| 999 |
_c547127 _d547127 |
||